Statistics for Genetics Vocabulary Quiz

Click here to take the quiz!

General Stats

  • This quiz has been taken 275 times
  • The average score is 13 of 20

Answer Stats

HintAnswer% Correct
A form a gene that overpowers another oneDDominant
90%
Long Strands of GenesDDNA
89%
Structure on which genes are carriedCChromosome
88%
A form of a gene that is usually overpoweredRRecessive
86%
Type of the above that determines genderSSex Chromosome
85%
Irregularity in a geneMMutation
84%
The Organelle in which the above is locatedNNucleus
84%
The child of two organismsOOffspring
81%
An organisms complete set of genesGGenome
74%
A male or female sex cellGGamete
73%
The physical feature formed by a genePPhenotype
66%
The act of receiving genes from ParentsIInherit
65%
The passing down of genesHHeredity
63%
Having two of the same gene typesHHomozygous
60%
Having two different allelesHHeterozygous
59%
Organelle with its own separate genesMMitochondrion
58%
Diagram used to determine gene outcomesPPunnett Square
54%
Form of reproduction that makes the above more likelyIInbreed
36%
An organism that has been bred to have certain traitsPPurebred
27%
Hybrid
21%

Score Distribution

Percentile by Number Answered

Percent of People with Each Score

Your Score History

You have not taken this quiz